| 000 | 00889nam a2200253Ia 4500 | ||
|---|---|---|---|
| 003 | OSt | ||
| 005 | 20221005111927.0 | ||
| 006 | a|||||r|||| 00| 0 | ||
| 007 | ta | ||
| 008 | 221004b |||||||| |||| 00| 0 hin d | ||
| 024 | _a32969 | ||
| 037 | _cTextual | ||
| 040 |
_aCRL _cCRL _bhin |
||
| 041 |
_2hin _ahin |
||
| 082 | _aO15,3D60,11, 152M9 | ||
| 100 | _aबाणभट्ट | ||
| 245 | 0 | _aकादम्बरी | |
| 246 | _aKādambarī | ||
| 260 |
_aवाराणसी _bचौखम्बा सुरभारती प्रकाशन भारत _c1989 |
||
| 490 |
_vपूर्वार्द्धम् _aचौखम्बा सुरभारती ग्रंथमाला; 41 |
||
| 650 | _aसंस्कृत नाटक | ||
| 942 |
_hO15,3D60,11, 152M9 _cTEXL _2cc |
||
| 999 |
_c1023329 _d1023329 |
||